000
00351nam a2200157Ia 4500
003
OSt
005
20240307095305.0
008
170523s9999 xx 000 0 und d
020
_a
978-9352533022
040
_c
IIMTU MEERUT
100
_a
SHUKLA- MC
245
0
_a
ADVANCED ACCOUNT VOL-I
260
_b
SULTAN CHAND
260
_c
2003
942
_2
ddc
_c
02
999
_c
1092
_d
1092